| 000 | 00733nam a22002531 4500 | ||
|---|---|---|---|
| 001 | 33494 | ||
| 003 | BD-RjUL | ||
| 005 | 20211209052022.0 | ||
| 008 | 140508s1964 nyua b 001 0 eng d | ||
| 020 | _a070559120 | ||
| 035 | _a(BD-RjUL)33585 | ||
| 040 |
_aDLC _cDLC _dDLC _dBD-RjUL _beng |
||
| 041 | _aeng | ||
| 082 | 0 | 0 |
_a302 _bSES 1964 |
| 100 | 1 |
_aSecord, Paul F. _97973 |
|
| 245 | 0 | 0 |
_aSocial psychology / _c Paul F. Secord and Carl W. Backman. |
| 260 |
_aNew York : _bMcGraw-Hill, _c1964. |
||
| 300 |
_a659 p. : _bill. ; _c25 cm. |
||
| 504 | _aBibliography: p. 603-637. and Index | ||
| 650 | 0 |
_aSocial psychology. _9101649 |
|
| 700 | 1 |
_aBackman, Carl W., _ejoint author. _97975 |
|
| 942 |
_2ddc _cBK _05 |
||
| 999 |
_c33494 _d33494 |
||